[Event "Mallorca-chT Preferente"]
[Site "Mallorca"]
[Date "2021.03.20"]
[Round "3"]
[White "Ramos Torrens, Ivan"]
[Black "Bergas Ferriol, Jeronimo"]
[Result "1-0"]
[WhiteElo "1854"]
[BlackElo "1966"]
[PlyCount "83"]
[EventDate "2021.03.06"]
[EventType "team-swiss"]
[EventRounds "7"]
[EventCountry "ESP"]
[SourceTitle "EXT 2023"]
[Source "ChessBase"]
[SourceDate "2022.10.05"]
[SourceVersion "1"]
[SourceVersionDate "2022.10.05"]
[SourceQuality "1"]
[WhiteTeam "Mestral Palmanyola"]
[BlackTeam "Maria Salut"]
[WhiteTeamCountry "ESP"]
[BlackTeamCountry "ESP"]

1. e4 c5 2. Nf3 Nc6 3. Bb5 g6 4. Bxc6 dxc6 5. d3 Bg7 6. h3 Nf6 7. Nc3 0-0 8. 0-0 Qc7 9. Be3 Nd7 10. Qd2 b6 11. Bh6 e5 12. Nh2 Nb8 13. Bxg7 Kxg7 14. f4 f6 15. Rf3 exf4 16. Rxf4 Be6 17. Raf1 Nd7 18. Qf2 Qd6 19. Ne2 Rae8 20. b3 Re7 21. Ng4 Ref7 22. Qg3 Bxg4 23. Qxg4 Ne5 24. Qg3 a5 25. h4 Kh8 26. R4f2 a4 27. h5 gxh5 28. Nf4 Rg8 29. Qh2 Qe7 30. Qxh5 Rg5 31. Qh4 f5 32. exf5 Rfg7 33. Qh3 Qf7 34. f6 Rg8 35. Qe6 Qf8 36. Nh3 Rh5 37. f7 Rg6 38. Qe8 Kg7 39. Nf4 Rhg5 40. Ne6+ Rxe6 41. Qxe6 Nxf7 42. Rxf7+ 1-0

[Event "Mallorca-chT Preferente"]
[Site "Palma de Mallorca"]
[Date "2020.02.01"]
[Round "1.3"]
[White "Ramos Torrens, Ivan"]
[Black "Barcelo Pujadas, Pedro Jose"]
[Result "0-1"]
[WhiteElo "1839"]
[BlackElo "2196"]
[PlyCount "61"]
[EventDate "2020.02.01"]
[EventType "team-tourn"]
[EventRounds "9"]
[EventCountry "ESP"]
[SourceTitle "CBM 195 Extra"]
[Source "ChessBase"]
[SourceDate "2020.05.31"]
[SourceVersion "1"]
[SourceVersionDate "2020.05.31"]
[SourceQuality "1"]
[WhiteTeam "Mestral Palmanyola"]
[BlackTeam "Sa Dragonera"]
[WhiteTeamCountry "ESP"]
[BlackTeamCountry "ESP"]

1. e4 e6 2. d4 d5 3. Nd2 Nf6 4. e5 Nfd7 5. Bd3 c5 6. c3 Nc6 7. Ne2 cxd4 8. cxd4 f6 9. exf6 Nxf6 10. Nf3 Bd6 11. 0-0 Qc7 12. Bg5 0-0 13. Rc1 Kh8 14. Bh4 Nh5 15. Bg3 Nxg3 16. Nxg3 g6 17. a3 Qb6 18. Qa4 a6 19. Ne2 Bd7 20. Qc2 Qd8 21. Qd2 Rxf3 22. gxf3 Qh4 23. Ng3 Nxd4 24. Qe3 Rf8 25. Be4 Nc6 26. Rxc6 Bxc6 27. Bb1 e5 28. Rd1 d4 29. Qb3 Bxf3 30. Rd3 Qf4 31. h3 0-1

[Event "Mallorca-chT Preferente"]
[Site "Palma de Mallorca"]
[Date "2012.03.10"]
[Round "6.5"]
[White "Ramos Torrens, Ivan"]
[Black "Shen, Yue"]
[Result "0-1"]
[WhiteElo "1950"]
[BlackElo "2070"]
[PlyCount "128"]
[EventDate "2012.01.28"]
[EventType "team"]
[EventRounds "9"]
[EventCountry "ESP"]
[SourceTitle "EXT 2014"]
[Source "ChessBase"]
[SourceDate "2013.11.20"]
[SourceVersion "1"]
[SourceVersionDate "2013.11.20"]
[SourceQuality "1"]
[WhiteTeam "Mate en Dos"]
[BlackTeam "La Balanguera"]
[WhiteTeamCountry "ESP"]
[BlackTeamCountry "ESP"]

1. e4 c5 2. Nf3 d6 3. d4 cxd4 4. Nxd4 Nf6 5. Nc3 a6 6. Be3 e5 7. Nf3 Be7 8. Qd2 h6 9. h3 Be6 10. Be2 Nbd7 11. 0-0 b5 12. a3 0-0 13. Nh2 Nc5 14. Bf3 a5 15. Ng4 Bxg4 16. hxg4 b4 17. axb4 axb4 18. Rxa8 Qxa8 19. Nd5 Nxd5 20. exd5 Qa5 21. g3 Nd7 22. Kg2 Rc8 23. Rh1 Qa6 24. g5 Bxg5 25. Bxg5 hxg5 26. Qxg5 Nf6 27. Qh4 Kf8 28. Qxb4 Rxc2 29. Rh8+ Ng8 30. Be4 Rc4 31. Qe1 Qa8 32. Bh7 Qxd5+ 33. Kh2 g6 34. Rxg8+ Ke7 35. Qe3 e4 36. Qh6 Qf5 37. Qf4 Qxf4 38. gxf4 Kf6 39. Rb8 d5 40. Bg8 Kg7 41. Kg3 d4 42. f5 gxf5 43. Kf4 d3 44. Rd8 Rc5 45. b4 Rb5 46. f3 Rxb4 47. fxe4 fxe4 48. Ke3 Ra4 49. Kf4 Rb4 50. Ke3 f5 51. Bd5 Kf6 52. Ba8 Kg5 53. Rg8+ Kh4 54. Rd8 Kg3 55. Rg8+ Kh3 56. Rd8 Kg3 57. Rg8+ Kh2 58. Rg5 Ra4 59. Bc6 Rc4 60. Bd5 f4+ 61. Kxf4 d2 62. Bxc4 d1Q 63. Kxe4 Qe1+ 64. Kd4 Qh4+ 0-1

[Event "Mallorca-chB"]
[Site "Palma de Mallorca"]
[Date "2011.12.17"]
[Round "8"]
[White "Ramos Torrens, Ivan"]
[Black "Boix Pons, Catalina"]
[Result "1-0"]
[WhiteElo "1924"]
[BlackElo "1900"]
[PlyCount "61"]
[EventDate "2011.10.29"]
[EventType "swiss"]
[EventRounds "8"]
[EventCountry "ESP"]
[SourceTitle "EXT 2014"]
[Source "ChessBase"]
[SourceDate "2013.11.20"]
[SourceVersion "1"]
[SourceVersionDate "2013.11.20"]
[SourceQuality "1"]

1. e4 c5 2. Nf3 Nc6 3. d4 cxd4 4. Nxd4 Nf6 5. Nc3 d6 6. Bg5 e6 7. Qd2 Be7 8. 0-0-0 0-0 9. f3 Qa5 10. h4 Nxd4 11. Qxd4 h6 12. Be3 Nd7 13. g4 Bf6 14. Qd2 Bxc3 15. Qxc3 Qxc3 16. bxc3 Ne5 17. Be2 Rd8 18. f4 Nc6 19. g5 Kh7 20. gxh6 gxh6 21. Rhg1 b6 22. Bh5 Rd7 23. Rg3 Bb7 24. Rdg1 Rf8 25. Rg7+ Kh8 26. f5 exf5 27. Bxh6 Ne5 28. R7g5 Re8 29. Bg7+ Kh7 30. Bxe5 dxe5 31. Bxf7 1-0

[Event "Mallorca-ch D1"]
[Site "Palma de Mallorca"]
[Date "2000.11.04"]
[Round "3"]
[White "Ramos Torrens, Ivan"]
[Black "Borrego Sanchez, Felix Manuel"]
[Result "0-1"]
[WhiteElo "1925"]
[BlackElo "2011"]
[PlyCount "144"]
[EventDate "2000.??.??"]
[EventType "swiss"]
[EventRounds "8"]
[EventCountry "ESP"]
[SourceTitle "EXT 2003"]
[Source "ChessBase"]
[SourceDate "2002.11.25"]
[SourceVersion "1"]
[SourceVersionDate "2002.11.25"]
[SourceQuality "1"]

1. e4 e5 2. Nf3 Nc6 3. Bb5 a6 4. Ba4 Nf6 5. 0-0 Be7 6. Re1 b5 7. Bb3 d6 8. c3 0-0 9. h3 Na5 10. Bc2 c5 11. d4 Qc7 12. Nbd2 Nc6 13. d5 Na5 14. b3 c4 15. b4 Nb7 16. a4 Bd7 17. Nf1 Rfb8 18. a5 g6 19. g4 h5 20. g5 Nh7 21. h4 Bg4 22. N1h2 Bh3 23. Re3 Qd7 24. Kh1 Rf8 25. Ng1 Bg4 26. Nxg4 hxg4 27. Rg3 f5 28. gxf6 Nxf6 29. Bg5 Kg7 30. Kg2 Rh8 31. Bxf6+ Bxf6 32. Qxg4 Qxg4 33. Rxg4 Rxh4 34. Rxh4 Bxh4 35. Nf3 Bf6 36. Rh1 Nd8 37. Kg3 Nf7 38. Kg4 Nh6+ 39. Kg3 Rf8 40. Bd1 Be7 41. Ng1 Bg5 42. Bf3 Bf4+ 43. Kg2 g5 44. Bh5 g4 45. Rh4 Kf6 46. Bxg4 Kg5 47. Nf3+ Kg6 48. Bd7 Bc1 49. Ng1 Bd2 50. Ne2 Be1 51. Rh2 Bxf2 52. Rh1 Be3 53. Rf1 Rb8 54. Kf3 Bg5 55. Kg3 Ng8 56. Bf5+ Kg7 57. Be6 Nf6 58. Bf5 Rf8 59. Rh1 Bh6 60. Rg1 Nxd5 61. Kh3+ Kh8 62. Rg6 Rf6 63. Rxf6 Nxf6 64. Bc8 Nxe4 65. Bxa6 Be3 66. Bxb5 d5 67. Bc6 Nf6 68. b5 d4 69. b6 d3 70. b7 Ba7 71. Nc1 e4 72. Kg2 d2 0-1

[Event "Mallorca-ch D1"]
[Site "Palma de Mallorca"]
[Date "2000.10.28"]
[Round "2"]
[White "Gomez, Daniel"]
[Black "Ramos Torrens, Ivan"]
[Result "0-1"]
[WhiteElo "1955"]
[BlackElo "1925"]
[PlyCount "34"]
[EventDate "2000.??.??"]
[EventType "swiss"]
[EventRounds "8"]
[EventCountry "ESP"]
[SourceTitle "EXT 2003"]
[Source "ChessBase"]
[SourceDate "2002.11.25"]
[SourceVersion "1"]
[SourceVersionDate "2002.11.25"]
[SourceQuality "1"]

1. e4 e6 2. d4 d5 3. exd5 exd5 4. Bd3 Nc6 5. c3 Bd6 6. Ne2 Qh4 7. Qd2 h6 8. Qe3+ Nge7 9. Nd2 0-0 10. Nf3 Qf6 11. Nf4 Bg4 12. h3 Rfe8 13. Kd1 Nf5 14. Qd2 Bxf3+ 15. gxf3 Qg5 16. Nxd5 Qg2 17. Bxf5 Qxf3+ 0-1